|
|
|
|
| LEADER |
01336nam a22003132a 4500 |
| 001 |
001215558 |
| 003 |
CZ BrMZK |
| 005 |
20121101070817.0 |
| 007 |
ta |
| 008 |
120523s1976 xr er 001 0 cze d |
| 015 |
|
|
|a cnb000162434
|
| 035 |
|
|
|a (OCoLC)42094380
|
| 040 |
|
|
|a ABA001
|b cze
|d BOA001
|
| 080 |
|
|
|a 141.82:335.52:371.212:378(437)"1968/1969
|
| 100 |
1 |
|
|a Vaněk, Antonín,
|d 1932-1996
|7 jk01141486
|4 aut
|
| 245 |
1 |
0 |
|a Studenti a společnost :
|b kritika antikomunistického a revizionistického působení na mládež : studijní materiál pro učitele marxismu-leninismu na vysokých školách /
|c Antonín Vaněk
|
| 260 |
|
|
|a Praha :
|b [Univerzita Karlova],
|c 1976
|
| 300 |
|
|
|a 231 s. ;
|c 8°
|
| 490 |
1 |
|
|a Edice pedagogických aktualit ;
|v sv. 11
|
| 504 |
|
|
|a Obsahuje bibliografické odkazy a rejstřík
|
| 550 |
|
|
|a Vydavatel: Ministerstvo školství ČSR
|
| 504 |
|
|
|a Obsahuje bibliografii
|
| 710 |
1 |
|
|a Česko (Československo).
|b Ministerstvo školství, mládeže a tělovýchovy
|7 ko2003181190
|
| 830 |
|
0 |
|a Edice pedagogických aktualit
|0 s
|
| 910 |
|
|
|a BOA001
|b 2-0757.550
|
| 990 |
|
|
|a BK
|
| 991 |
|
|
|b 201205
|
| 996 |
7 |
|
|b 2619532082
|c 2-0757.550
|l MZK
|r Sklad / do 1 hodiny
|n 0
|w 001249135
|u 000010
|a 1
|e BOA001
|j MZK50
|s A
|
| 996 |
6 |
|
|b 2619532083
|c 2-0757.550
|l MZK
|r Sklad / do 1 hodiny
|n 0
|w 001249135
|u 000020
|a 1
|e BOA001
|j MZK50
|s P
|